000
00308nam a22001337a 4500
020
_a
0-439-83158-X
082
_a
823
_b
WAS/U
100
_a
WASSERMAN, ROBIN
245
_a
UNFABULOUS
_b
JINXED!
260
_a
UNITED STATES
_b
SCHOLASTICS INC
_c
2006
300
_a
118
650
_a
NOVEL
_z
UNITED STATES
942
_c
BK
999
_c
2350
_d
2350